|
|
|
|
| LEADER |
00000nab a2200000 ar4500 |
| 001 |
vtls009005856 |
| 003 |
SK-MaSNL |
| 005 |
20260303065713.0 |
| 008 |
070710c2007 xo wr|p|||||||000 b|slo |
| 038 |
|
|
|a PPPK
|
| 040 |
|
|
|a PPPKCL
|b slo
|c PPPK
|e AACR2
|
| 041 |
0 |
|
|a slo
|
| 044 |
|
|
|a xo
|c SK
|
| 080 |
|
|
|a 316.344.6-056.36-053.6
|2 1997
|
| 080 |
|
|
|a 061.7
|2 1997
|
| 245 |
0 |
0 |
|a Deň krivých zrkadiel rúcal predsudky voči hendikepovaným ľuďom
|c [autor] (mar) ; foto Marta Marová
|
| 300 |
|
|
|b Fotogr.
|
| 610 |
2 |
7 |
|a Združenie Nádej (Poprad, Slovensko)
|2 pppkcl
|9 1066124
|
| 611 |
2 |
7 |
|a Deň krivých zrkadiel
|d (2007 :
|c Poprada, Slovensko)
|2 pppkcl
|9 1066125
|
| 648 |
|
7 |
|a 2007
|2 pppkcl
|9 313226
|
| 650 |
0 |
7 |
|a mentálne postihnutá mládež
|2 pppkcl
|9 99084
|
| 650 |
0 |
7 |
|a humanitárna pomoc
|2 pppkcl
|9 4224
|
| 650 |
0 |
7 |
|a finančné zbierky
|2 pppkcl
|9 344577
|
| 651 |
|
7 |
|a Poprad (Slovensko)
|2 pppkcl
|9 20155
|
| 700 |
1 |
|
|a Marová, Marta
|4 pht
|9 526962
|
| 773 |
0 |
|
|t Poprad : noviny občanov mesta
|g Roč. XVIII, č. 44 (2007), s. 1
|
| 852 |
|
|
|a PPPK
|b KIS3GCP
|
| 999 |
|
|
|c 1752293
|d 1754223
|